000 01041nam a2200265Ia 4500
003 OSt
005 20220923211206.0
006 a|||||r|||| 00| 0
007 ta
008 220922b |||||||| |||| 00| 0 hin d
020 _a8197170144 (hbk)
_c325
024 _a262,120
037 _b69, 02/07/2012, Eastern Book Linkers
_cTextual
040 _aARTS
_cARTS
_bhin
041 _2hin
_ahin
082 _aR3xN03, 152P6
100 _aएडर्नो, टी. डब्ल्यू.; सिंह, राम कवींद्र, अनु.
_9159363
245 0 _aसंस्कृति उद्योग
246 _aSanskṛuti udyoga
260 _aदिल्ली
_b ग्रंथ शिल्पी
_c2006
300 _a222पृ.
_ccm.
650 _aभारतीय दर्शन
942 _hR3xN03, 152P6
_cTEXL
_2CC
999 _c296591
_d296591